00373nam a2200109Ia 4500008004100000245013900041260003500180260000900215300001000224500001300234650001600247170224s9999 xx 000 0 und d 4aThe relative impact of socioeconomic status and childhood trauma on Black-White differences in paranoid personality disorder symptoms. bJournal of Abnormal Psychology c2014 a123:1 aFebruary xPsychology.